Felsőoktatási intézmények marketingtevékenysége, különös tekintettel a gazdaságtudományok képzési területre

Bibliográfiai részletek
Szerző: Szűcs Eszter
További közreműködők: Ferkelt Dr. Balázs
Dokumentumtípus: Diplomadolgozat
Kulcsszavak:Felsőoktatás
Marketing
Budapesti Gazdasági Főiskola
Budapesti Kommunikációs és Üzleti Főiskola
Online Access:http://dolgozattar.uni-bge.hu/462

MARC

LEADER 00000nta a2200000 i 4500
001 dolg462
005 20151105144705.0
008 150305suuuu hu om 000 hun d
040 |a BGE Dolgozattár Repozitórium  |b hun 
041 |a hu 
100 1 |a Szűcs Eszter 
245 1 0 |a Felsőoktatási intézmények marketingtevékenysége, különös tekintettel a gazdaságtudományok képzési területre  |c Szűcs Eszter  |h [elektronikus dokumentum] 
695 |a Felsőoktatás 
695 |a Marketing 
695 |a Budapesti Gazdasági Főiskola 
695 |a Budapesti Kommunikációs és Üzleti Főiskola 
700 1 |a Ferkelt Dr. Balázs  |e ths 
856 4 0 |u http://dolgozattar.uni-bge.hu/462/1/Sz%C5%B1cs%20Eszter_Szakdolgozat_2014.pdf  |z Dokumentum-elérés